LEADER 01581nam a2200301 a 4500 001 000000141572 003 CaOOAMICUS 005 20150203102131.0 008 150203s1977 it u000 u ita r 040 $aPUL$bita 245 00$aBorgo città quartiere comprensorio :$brassegna bibliografica interdisciplinare sulle articolazioni minori della città nel contesto territoriale /$ca cura di A. Ardigò ; con la collaborazione di A. Berselli ... [et al.]. 260 $aMilano :$bFranco Angeli,$c©1977. 300 $a401 p. ;$c22 cm 490 1 $aCollana di sociologia urbana e rurale ;$v09 500 $aIn testa al front.: Comune di Bologna; Regione Emilia-Romagna; Istituto per la storia di Bologna. 504 $aBibliografia in nota. 650 4$aCittà$xSociologia.$0(OLS)http://pul/subject/41201 650 4$aUrbanistica.$0(OLS)http://pul/subject/3430 700 1 $aArdigò, Achille.$0(OLS)http://pul/name/5443 700 1 $aBerselli, Aldo,$d1916-$0(OLS)http://pul/name/39626 830 0$aCollana di sociologia urbana e rurale ;$v09.$0(OLS)http://pul/title/179178 850 $aPUL 852 $aPUL$W1$xDP1 Fondo Capitani$y116$m8 A 20$j163393$qFondi$B163320$CPULBib$Z2$F163320 $HCap1323 $82 941 1 $a1 961 $aNota ms. di possesso: Capitani. 996 $6245$aBorgo città quartiere comprensorio :$brassegna bibliografica interdisciplinare sulle articolazioni minori della città nel contesto territoriale$9(OLS)http://pul/title/179177 996 $6260$aMilano :$bFranco Angeli$9(OLS)http://pul/publisher/52903 LEADER 01151nam a2200289 u 4500 001 000000046311 003 CaOOAMICUS 005 20070226114747.0 008 990706s1994 it u000 u ita u 020 $a8871050332 035 $a10828879 040 $aPUL$bita 245 03$aLa responsabilità politica della Chiesa /$cGiuseppe, Angelini ... [et al.]. 260 $aMilano :$bGlossa,$c1994. 300 $a119 p. ;$c21 cm 490 1 $aQuodlibet ;$v2 650 4$aDottrina sociale della Chiesa.$0(OLS)http://pul/subject/33229 700 1 $aAngelini, Giuseppe,$csac.,$d1940-$0(OLS)http://pul/name/13303 830 0$aQuodlibet ;$v2.$0(OLS)http://pul/title/23359 850 $aPUL 852 $aPUL$W1$xDP1 Cons. Gen., Altre Classi 1$y22$m43 L 41$j62110$nBK-PRI$b $qStampati$B62110$CPULBib$Z2$F62110 $H $81 941 1 $a8 960 $aDottrina sociale cristiana$933229 961 $aINV: 80070 996 $6020$a8871050332$9(OLS)http://pul/number/57758 996 $6245$aLa responsabilità politica della Chiesa$9(OLS)http://pul/title/62404 996 $6260$aMilano :$bGlossa$9(OLS)http://pul/publisher/53656